Investigation of new biomarkers for neurodegenerative diseases on animal models by in vivo magnetic resonance dizertačná práca

Salvato in:
Dettagli Bibliografici
Autore principale: Tušková, Radka
Natura: Libro
Lingua:inglese
Pubblicazione: Bratislava STU FCHPT 2015
Accesso online:Visualizza in OPAC
Tags: Aggiungi Tag
Nessun Tag, puoi essere il primo ad aggiungerne!!

MARC

LEADER 00000nam a2200000 a 4500
005 20260127134309.0
008 160301 2015 000 0 eng d
035 |a vtls011508976 
039 9 |y 201603010855  |z mschk02 
040 |a STUSCHK1  |b slo  |c STUSCHK1  |e AACR2 
100 1 |a Tušková, Radka 
245 1 |a Investigation of new biomarkers for neurodegenerative diseases on animal models by in vivo magnetic resonance  |b dizertačná práca  |c Radka Tušková 
260 |a Bratislava  |b STU FCHPT  |c 2015 
300 |a 130 s.  |b il.  |c 24 cm 
500 |a Training workplace: Department of NMR Spectroscopy and Mass Spectroscopy 
910 |a SCHK95 
999 |c 9073  |d 9073